|
|
|
|
| LEADER |
00000cam a2200000 a 4500 |
| 001 |
UCE2576 |
| 003 |
CL-VaPUC |
| 008 |
140710e20130000us |||||||||||||||||eng|d |
| 020 |
|
|
|a 9781466575127
|
| 082 |
0 |
4 |
|a 622.292
|b HUS
|2 21
|
| 100 |
|
|
|a Hustrulid, William A
|e author
|9 578311
|
| 700 |
0 |
|
|a Kuchta, Mark
|e author
|9 575065
|
| 700 |
0 |
|
|a Martin, R
|e author
|9 575066
|
| 245 |
1 |
0 |
|a Open pit mine planning and design
|
| 250 |
|
|
|a 3a. ed
|
| 300 |
|
|
|a v
|
| 942 |
|
|
|c BK
|
| 945 |
|
|
|d 20140710 11:54:00
|a dcastane
|
| 260 |
|
|
|a Boca Ratón
|b CRC Press
|c 2013
|
| 500 |
|
|
|a v.1: fundamentals
|
| 500 |
|
|
|a v.2: CSMine and Micromodel Software packages and orebody case examples
|
| 500 |
|
|
|a Incluye CD
|
| 650 |
|
7 |
|a INGENIERIA DE MINAS
|2 CL-VaPUC
|9 575067
|
| 650 |
|
7 |
|a MINERIA A TAJO ABIERTO
|2 CL-VaPUC
|9 563439
|
| 650 |
|
0 |
|a Planificación estratégica
|9 259735
|
| 583 |
|
|
|a last modification
|c 20140710 11:54:00
|k Rodrigo Vera
|
| 999 |
|
|
|c 356166
|d 356164
|
| 952 |
|
|
|0 0
|1 0
|3 erb
|4 0
|6 622_292000000000000_HUS_2013
|7 0
|8 A
|9 463330
|a BIBING
|b BIBING
|h v.1
|i 5089646
|o 622.292 HUS 2013
|p 5089646
|r 2025-01-20
|w 2019-11-23
|y BK
|z Catalogado en:20140710
|k EIQ
|
| 952 |
|
|
|0 0
|1 0
|3 erb
|4 0
|6 622_292000000000000_HUS_2013
|7 0
|8 A
|9 463331
|a BIBING
|b BIBING
|h v.2
|i 5089654
|o 622.292 HUS 2013
|p 5089654
|r 2025-01-20
|w 2019-11-23
|y BK
|z Catalogado en:20140710
|k EIQ
|
| 952 |
|
|
|0 0
|1 0
|3 erb
|4 0
|6 622_292000000000000_HUS_2013
|7 0
|8 A
|9 463332
|a BIBING
|b BIBING
|h v.1
|i 5160170
|o 622.292 HUS 2013
|p 5160170
|r 2025-01-20
|w 2019-11-23
|y BK
|z Catalogado en:20150514
|k EIQ
|
| 952 |
|
|
|0 0
|1 0
|3 erb
|4 0
|6 622_292000000000000_HUS_2013
|7 0
|8 A
|9 463333
|a BIBING
|b BIBING
|h v.2
|i 5160189
|o 622.292 HUS 2013
|p 5160189
|r 2025-01-20
|w 2019-11-23
|y BK
|z Catalogado en:20150514
|k EIQ
|
| 952 |
|
|
|0 0
|1 0
|3 erb
|4 0
|6 622_292000000000000_HUS_2013
|7 0
|8 A
|9 463334
|a BIBING
|b BIBING
|h v.1
|i 5160197
|l 1
|o 622.292 HUS 2013
|p 5160197
|r 2025-01-20
|s 2020-07-27
|w 2019-11-23
|y BK
|z Catalogado en:20150514
|k EIQ
|
| 952 |
|
|
|0 0
|1 0
|3 erb
|4 0
|6 622_292000000000000_HUS_2013
|7 0
|8 A
|9 463335
|a BIBING
|b BIBING
|h v.2
|i 5160200
|l 2
|o 622.292 HUS 2013
|p 5160200
|r 2025-01-20
|s 2020-05-20
|w 2019-11-23
|y BK
|z Catalogado en:20150514
|k EIQ
|
| 952 |
|
|
|0 0
|1 0
|3 erb
|4 0
|6 622_292000000000000_HUS_2013
|7 0
|8 A
|9 463336
|a BIBING
|b BIBING
|h v.1
|i 5160219
|l 2
|o 622.292 HUS 2013
|p 5160219
|r 2025-01-20
|s 2020-05-20
|w 2019-11-23
|y BK
|z Catalogado en:20150514
|k EIQ
|
| 952 |
|
|
|0 0
|1 0
|3 erb
|4 0
|6 622_292000000000000_HUS_2013
|7 0
|8 A
|9 463337
|a BIBING
|b BIBING
|h v.2
|i 5160227
|o 622.292 HUS 2013
|p 5160227
|r 2025-01-20
|w 2019-11-23
|y BK
|z Catalogado en:20150514
|k EIQ
|